Curious George goes to school [sound recording] / [edited] by Margret Rey and Alan J. Shalleck.
Curious George makes a mistake in the art room of his school but finds a missing painting in time for an open house for parents of the students.
Record details
- ISBN: 0395564832
- Physical Description: 1 sound cassette : analog + 1 paperback.
- Publisher: Boston : Houghton Mifflin, p1990.
Content descriptions
| General Note: | Read-along book published 1989. "Adapted from the Curious George film series." |
| Target Audience Note: | General. |
Search for related items by subject
| Subject: | Monkeys > Fiction. Painting > Fiction. Schools > Fiction. Children's audiobooks. |
Search for related items by series
Available copies
- 1 of 1 copy available at scottsboropl.
Holds
- 0 current holds with 1 total copy.
Show Only Available Copies
| Location | Call Number / Copy Notes | Barcode | Shelving Location | Status | Due Date |
|---|---|---|---|---|---|
| scottsboropl | E Rey | 32269000728314 | Juvenile - Easy | Available | - |
| LDR | 01242cim a2200325 a 4500 | ||
|---|---|---|---|
| 001 | 127797 | ||
| 003 | CONS | ||
| 005 | 20140703073304.0 | ||
| 007 | ss|lunjlcmpnnu | ||
| 008 | 901014s1990 maunnn j d f eng d | ||
| 020 | . | ‡a0395564832 | |
| 035 | . | ‡a(CPomAG)LMN496414 | |
| 050 | 0 | . | ‡aPZ7 ‡b.C92167 1989 |
| 245 | 0 | 0. | ‡aCurious George goes to school ‡h[sound recording] / ‡c[edited] by Margret Rey and Alan J. Shalleck. |
| 260 | . | ‡aBoston : ‡bHoughton Mifflin, ‡cp1990. | |
| 300 | . | ‡a1 sound cassette : ‡banalog + ‡e1 paperback. | |
| 440 | 0. | ‡aBook & cassette favorites | |
| 500 | . | ‡aRead-along book published 1989. | |
| 500 | . | ‡a"Adapted from the Curious George film series." | |
| 520 | . | ‡aCurious George makes a mistake in the art room of his school but finds a missing painting in time for an open house for parents of the students. | |
| 521 | . | ‡aGeneral. | |
| 650 | 1. | ‡aMonkeys ‡vFiction. | |
| 650 | 1. | ‡aPainting ‡vFiction. | |
| 650 | 1. | ‡aSchools ‡vFiction. | |
| 650 | 0. | ‡aChildren's audiobooks. | |
| 700 | 1 | . | ‡aRey, Margret. |
| 700 | 1 | . | ‡aShalleck, Alan J. |
| 730 | 0 | . | ‡aCurious George goes to school (Motion picture) |
| 959 | . | ‡i32269000728314 ‡lE Rey ‡aJuvenile - Easy ‡tEasy ‡g10.00 | |
| 852 | . | ‡p32269000728314 ‡jE Rey ‡gJuvenile - Easy ‡cEasy ‡y10.00 ‡bSBPL | |
| 901 | . | ‡a127797 ‡bUnknown ‡c127797 ‡tbiblio | |